Sociedad Mutua de la Villa de Sabadell : asociacion para las quintas de 1854, 55, 56, 57, 58, 59, 60, 61 y 62 : con la aprobación del Excmo. Sr. Gobernador civil de 28 de marzo de 1854 asociacion para las quintas de 1854, 55, 56, 57, 58, 59, 60, 61 y 62 :
Descripción Física:
9 p. ; 21 cm
MARC
| LEADER | 00000nam a2200000Ia 4500 | ||
|---|---|---|---|
| 001 | 17537 | ||
| 008 | 160829s9999 xx 000 0 cat d | ||
| 080 | |a RF-2-8 | ||
| 100 | |a Sociedad Mutua de la Villa de Sabadell |9 46650 | ||
| 245 | |a Sociedad Mutua de la Villa de Sabadell : |b asociacion para las quintas de 1854, 55, 56, 57, 58, 59, 60, 61 y 62 : |b con la aprobación del Excmo. Sr. Gobernador civil de 28 de marzo de 1854 | ||
| 260 | |a Barcelona : |b Impr. de D. Agustin Gaspar, [1854] | ||
| 300 | |a 9 p. ; |c 21 cm | ||
| 590 | |a Data d'ed. obtinguda del tít. | ||
| 590 | |a Prové de 378, exp. 1 | ||
| 650 | 0 | |a Mutualitats |x Estatuts |9 25929 | |
| 651 | 0 | |a Sabadell (Catalunya) |9 50871 | |
| 856 | 4 | |u https://media.diba.cat/diba/fitxers/arxiu/fulletons/bib_17537_1854_baixa.pdf |y Accés lliure | |
| 856 | 4 | |u https://media.diba.cat/diba/fitxers/arxiu/fulletons/bib_17537_1854_baixa.pdf |y Accés lliure | |
| 901 | |a Arxiu | ||
| 942 | |n 1 |2 udc | ||
| 952 | |0 0 |1 0 |4 0 |6 RF28 |7 1 |9 53352 |a Arxiu |b Arxiu |d 2016-12-01 |l 0 |o RF-2-8 |p 17537 |r 2016-12-01 00:00:00 |w 2016-12-01 |y ARXIU | ||
| 999 | |c 57217 |d 57217 | ||
| 900 | |a bib_17537_1854_baixa.pdf | ||